| 000 | 00574nam a2200193 i 4500 | ||
|---|---|---|---|
| 001 | 61186 | ||
| 003 | ES-MaACL | ||
| 005 | 20250625150552.0 | ||
| 007 | t| | ||
| 008 | 031111s1957 sp ||||1| cat d | ||
| 100 | 1 |
_aEstarelles, Jorge. _948014 |
|
| 245 | 1 | 0 |
_aVida i miracles d'En Santiago Rusiñol / _cJordi Estarelles. |
| 250 | _a[1ª ed.]. | ||
| 260 |
_aBarcelona : _bAlbor, _c[1957] ( _fImp. Moderna) |
||
| 300 |
_a218 p., 4 lám. ; _c18 cm. |
||
| 600 | 1 | 4 |
_aRusiñol, Santiago, _d1861-1931 _9241043 |
| 852 |
_aES-MaACL _jC-14001 _bR.40089 |
||
| 999 |
_c61186 _d61186 |
||